[Event "LSS RA-2009-0-00058"]
[Site "LSS email"]
[Date "2009.08.05"]
[Round "?"]
[White "Horeczky, Tibor"]
[Black "Karlsson, Patrik"]
[Result "0-1"]
[WhiteElo "2017"]
[BlackElo "2023"]
[PlyCount "64"]
[EventDate "2009.06.30"]
[EventType "tourn (corr)"]
[EventRounds "6"]
[EventCountry "GER"]
[SourceTitle "Telechess CBM 137"]
[Source "ChessBase"]
[SourceDate "2010.07.15"]
[SourceVersion "1"]
[SourceVersionDate "2010.07.15"]
[SourceQuality "1"]

1. e4 e5 2. Nf3 Nc6 3. Bc4 Nf6 4. d3 Be7 5. 0-0 0-0 6. Nc3 d6 7. h3 Na5 8. Bb3 c6 9. d4 Qc7 10. Qd3 a6 11. Be3 h6 12. Nh4 exd4 13. Bxd4 Nxb3 14. axb3 Nxe4 15. Qxe4 d5 16. Qd3 Bxh4 17. Na4 Be6 18. Qc3 f5 19. Be5 Qf7 20. Nc5 Bc8 21. Nd3 Re8 22. Rfe1 Bg5 23. g3 f4 24. h4 Be7 25. Nxf4 Bf5 26. f3 a5 27. Qd2 b6 28. Kg2 Rad8 29. Re2 d4 30. Nd3 Bb4 31. Nxb4 axb4 32. Qxb4 Bxc2 0-1

[Event "LSS RA-2009-0-00058"]
[Site "LSS email"]
[Date "2009.08.05"]
[Round "?"]
[White "Karlsson, Patrik"]
[Black "Ould Ahmed, Samy"]
[Result "1/2-1/2"]
[WhiteElo "2023"]
[BlackElo "2099"]
[PlyCount "52"]
[EventDate "2009.06.30"]
[EventType "tourn (corr)"]
[EventRounds "6"]
[EventCountry "GER"]
[SourceTitle "Telechess CBM 137"]
[Source "ChessBase"]
[SourceDate "2010.07.15"]
[SourceVersion "1"]
[SourceVersionDate "2010.07.15"]
[SourceQuality "1"]

1. e4 c5 2. Nf3 d6 3. Nc3 Nf6 4. g3 Nc6 5. Bg2 g6 6. 0-0 Bg7 7. d3 0-0 8. h3 Rb8 9. a4 a6 10. Be3 b5 11. axb5 axb5 12. Qd2 b4 13. Ne2 Bb7 14. Bh6 Ra8 15. Qg5 Nd7 16. Bxg7 Kxg7 17. Nd2 h6 18. Qe3 Qc7 19. f4 Rxa1 20. Rxa1 Ra8 21. Rxa8 Bxa8 22. Nc4 Na5 23. Nd2 e5 24. Qf2 Bb7 25. Nf1 Nc6 26. Ne3 Nd4 1/2-1/2